[Event "Pavlodar op"]
[Site "Pavlodar"]
[Date "2017.11.23"]
[Round "4"]
[White "Aubakirov, Zhaslan"]
[Black "Sannikov, Igor"]
[Result "0-1"]
[WhiteElo "1590"]
[BlackElo "2198"]
[PlyCount "58"]
[EventDate "2017.11.21"]
[EventType "swiss"]
[EventRounds "9"]
[EventCountry "KAZ"]
[SourceTitle "EXT 2019"]
[Source "ChessBase"]
[SourceDate "2018.10.10"]
[SourceVersion "1"]
[SourceVersionDate "2018.10.10"]
[SourceQuality "1"]

1. d4 Nf6 2. Bf4 e6 3. Nf3 b6 4. e3 Bb7 5. Be2 Be7 6. 0-0 0-0 7. c4 Nh5 8. Bg3 f5 9. Ne5 Nxg3 10. hxg3 Bf6 11. f4 d6 12. Nd3 c5 13. Nf2 Nc6 14. Bf3 cxd4 15. Bxc6 Bxc6 16. exd4 d5 17. Qe2 Re8 18. Rd1 dxc4 19. Qxc4 Rc8 20. Qd3 Qd5 21. Qf1 Bxd4 22. Nc3 Qc5 23. Ne2 Bxb2 24. Rab1 Bf6 25. Rbc1 Qb5 26. g4 g6 27. g5 Bg7 28. Rb1 Qa4 29. Nd3 Be4 0-1

[Event "Pavlodar op"]
[Site "Pavlodar"]
[Date "2017.11.21"]
[Round "1"]
[White "Gan Od, Sereenen"]
[Black "Aubakirov, Zhaslan"]
[Result "1-0"]
[WhiteElo "2272"]
[BlackElo "1590"]
[PlyCount "51"]
[EventDate "2017.11.21"]
[EventType "swiss"]
[EventRounds "9"]
[EventCountry "KAZ"]
[SourceTitle "EXT 2019"]
[Source "ChessBase"]
[SourceDate "2018.10.10"]
[SourceVersion "1"]
[SourceVersionDate "2018.10.10"]
[SourceQuality "1"]

1. Nf3 d5 2. g3 Nf6 3. Bg2 Bf5 4. 0-0 e6 5. b3 Nbd7 6. Bb2 Be7 7. d3 h6 8. a4 a5 9. Nbd2 0-0 10. Re1 c6 11. e4 Bh7 12. Qe2 Nc5 13. exd5 Nxd5 14. Nc4 Bf6 15. Nfe5 Nd7 16. Nxd7 Bxb2 17. Nxf8 Bxa1 18. Nxe6 Qf6 19. Bxd5 cxd5 20. Nc7 Rf8 21. Nxd5 Qd4 22. Qe5 Qxc4 23. bxc4 Bxe5 24. Rxe5 Rb8 25. Nb6 f6 26. Rxa5 1-0